LEADER 01242nam a2200205 i 4500 001 000000135872 003 CaOOAMICUS 005 20100318000000.0 008 100318s1909 it u000 u ita u 013 $a109330 040 $aSeMil$bita 245 10$aAtti di S. Carlo riguardanti la Svizzera e i suoi territori :$bdocumenti raccolti dalle visite pastorali, dalla corrispondenza e dalle testimonianze nei processi di Canonizzazione /$cper cura del Sac. Paolo D'Alessandri e pubblicati in occasione del terzo centenario della canonizzazione del Beato. 1610-1910. 260 $aLocarno :$bTipografia Artistica,$c1909. 300 $aVIII, 427 p. ;$c26 cm. 650 4$aBorromeo, Carlo - Celebrativi.$0(OLS)http://semarc/subject/919 700 1 $aD'Alessandri, Paolo.$0(OLS)http://semarc/name/55380 850 $aSeMil 852 $aSeMil$W1$xVenegono$y1$m3G IV 10$j89514$B89514$CSeMilBibl$Z2$F94355 $81 996 $6245$aAtti di S. Carlo riguardanti la Svizzera e i suoi territori :$bdocumenti raccolti dalle visite pastorali, dalla corrispondenza e dalle testimonianze nei processi di Canonizzazione$9(OLS)http://semarc/title/198603 996 $6260$aLocarno :$bTipografia Artistica$9(OLS)http://semarc/publisher/46913 LEADER 00668nam a2200169 i 4500 001 000000232496 003 CaOOAMICUS 005 20140829000000.0 008 140829s1836 it u000 u ita u 013 $a211399 040 $aSeMil$bita 245 10$aVol. 7. 300 $a147 p. 773 0 $aMartini, Antonio, $tIstoria e concordia evangelica spiegata al popolo nella metropolitana.$bPrima ed. veneta.$dVenezia : Co' tipi dell'ed. Giuseppe Antonelli, 1833-1836.$g7$w()30428 850 $aSeMil 852 $aSeMil$W1$xVenegono$y1$m2Y I 51 FA$j182842$B182842$CSeMilBibl$Z2$F193864 $8I 996 $6245$aVol. 7$9(OLS)http://semarc/title/111144